00329nam a2200121Ia 4500008004100000020002300041041000800064082002100072100002100093245003300114260005100147300000900198230411s9999 xx 000 0 und d a978-93-85915-46-22 aeng aA/611/GAR/B08671 aGarg Krishna Ed. aB D Chaurasias Human Anatomy bCBS Publishers & DistributorsaNew Delhic2016 a328p